000 01360cam a2200301 i 4500
001 16140
003 DO-SdUEMH
005 20260109200149.0
007 ta
008 211105s2008 dr a|||gr|||| 000 0 spa|d
020 _a9789945861358
040 _aDO-SdUEMH
_bspa
_erda
041 _aspa
082 1 4 _mRD
_aRD305.8044 P438C
_bP438c
084 _b18-00004
100 _aPEREZ CABRAL, PEDRO ANDRES
_eaut
245 3 0 _aLa comunidad mulata: el caso socio-político de la República Dominicana /
_c Pedro Andrés Pérez Cabral
260 _c2008
264 0 1 _aSanto Domingo, República Dominicana :
_bSociedad Dominicana de Bibliófilos,
_c2008
264 4 _c©2000
300 _a 348 páginas ;
_bilustraciones :
_c23 cm.
336 _2rdacontent
_atexto
_btxt
337 _2rdamedia
_asin mediación
_bn
338 _2rdacarrier
_avolumen
_bnc
505 1 _aDos palabras -- La negociación de los valores -- La defensa social abierta -- El gran miedo y la haitianofobia -- La mulatización en Santo Domingo -- Complejo, insularidad y desvinculación telúrica -- Blancofilia y servilismo -- La tiranía y el imperio -- La corrupción normalizada -- El problema minoritario -- El quantum minoritario -- La subminoría nacional -- La jerarquía de los factores sociales -- Las cuatro vallas -- Conclusiones -- Epílogo.
942 _2ddc
_cBK
_n0
999 _c16140
_d16140